000 00913nam a2200217 i 4500
001 160710
003 ES-MaACL
005 20250727034612.0
008 931025s1893 sp |||| | spa d
080 _a330.875.2
100 1 _aNitti, Francesco Saverio (
_d1868-1953)
_9130500
245 1 3 _aEl socialismo católico /
_cpor Francisco Nitti ; traducción española de la tercera edición italiana, todavía inédita, por P. Dorado ; con un prólogo de Adolfo Buylla.
260 _aSalamanca :
_b[s.n.],
_c1893 (
_fImp. de Francisco Núñez Izquierdo)
300 _aXXXII, 371 p., XLV, 2 h. ;
_c22 cm.
650 7 _aSocialismo cristiano
_2embne
_9144517
650 7 _aIglesia y problemas sociales
_2embne
_913569
700 1 _aDorado, P.
_9126830
700 1 _aBuylla y González Alegre, Adolfo A.,
_d1850-1927
_932991
852 _aES-MaACL
_jF-14455
_z- Enc. pasta española
999 _c160710
_d160710